Las mejores obras de principios de siglo
Shranjeno v:
| Format: | Knjiga |
|---|---|
| Jezik: | španščina |
| Izdano: |
Madrid
El Croquis
2011
|
| Izdaja: | 1a. ed |
| Serija: | El Croquis,
|
| Teme: | |
| Oznake: |
Označite
Brez oznak, prvi označite!
|
MARC
| LEADER | 00000cam a2200000 a 4500 | ||
|---|---|---|---|
| 001 | UCE3991 | ||
| 003 | CL-VaPUC | ||
| 008 | 141003e20110000sp |||||||||||||||||spa|d | ||
| 020 | |a 9788488386663 | ||
| 082 | 0 | 4 | |a 724.7 |b MEJ |2 21 |
| 245 | 1 | 4 | |a Las mejores obras de principios de siglo |
| 246 | 1 | 4 | |a The very best works at the turn of the century |
| 250 | |a 1a. ed | ||
| 300 | |a 732 p | ||
| 942 | |c BK | ||
| 945 | |d 20141003 14:18:00 |a arojas | ||
| 260 | |a Madrid |b El Croquis |c 2011 | ||
| 650 | 0 | |a Arquitectura moderna |9 265021 | |
| 650 | 0 | |a Obras ilustradas |9 265022 | |
| 583 | |a last modification |c 20141008 11:44:49 |k Rodrigo Vera | ||
| 490 | 0 | |a El Croquis, | |
| 999 | |c 357084 |d 357082 | ||
| 952 | |0 0 |1 0 |3 erd |4 0 |6 724_700000000000000_MEJ_2011 |7 0 |8 A |9 464891 |a BIBARQ |b BIBARQ |i 5116880 |o 724.7 MEJ 2011 |p 5116880 |r 2025-01-20 |w 2019-11-23 |y BK |z Catalogado en:20141003 |k ARQ | ||